Advanced econometrics (Registro nro. 302850)

Detalles MARC
000 -ENCABEZADO
Número de control [NR] 00850 a2200241 4500
005 - FECHA Y HORA DE LA ÚLTIMA TRANSACCIÓN
control field 20160328110602.0
008 - DE LONGITUD FIJA DE DATOS DE ELEMENTOS - INFORMACIÓN GENERAL
Elementos de longitud fija [NR] 160328s1985 xxud|||fr|||| 001 0 eng d
020 ## - NUMERO INTERNACIONAL NORMALIZADO PARA LIBROS [R]
Número Internacional Normalizado del libro [NR] 9780674005600
040 ## - FUENTE DE CATALOGACION [NR]
Agencia de catalogación original [NR] CO-BoUCM
Idioma de catalogación [NR] spa
Quien Cataloga Saul Niño
Quien Clasifica Saul Niño
041 ## - CODIGO DE IDIOMA [R]
Código de idioma para texto/pista de sonido o título separado [R] Inglés
100 10 - ASIENTO PRINCIPAL--NOMBRE PERSONAL [NR]
Nombre personal [NR] Amemiya, Takeshi
ID Autoridad 76293
245 10 - MENCION DE TITULO [NR]
Título [NR] Advanced econometrics
Mención de responsabilidad, etc. [NR] Takeshi Amemiya
260 ## - PUBLICACION, DISTRIBUCION, ETC. (PIE DE IMPRENTA) [R]
Nombre del editor, distribuidor, etc. [R] Harvard University Press
Fecha de publicación, distribución, etc. [R] 1985
Lugar de publicación, distribución, etc. [R] Cambridge (Massachusetts, Estados Unidos)
300 ## - DESCRIPCION FISICA [R]
Extensión [R] vi, 521 páginas
Otros detalles físicos [NR] gráficas
504 ## - NOTA DE BIBLIOGRAFIA, ETC. [R]
Nota de bibliografía, etc. [NR] Incluye referencias bibliográficas e índices
546 ## - NOTA DE IDIOMA [R]
Nota de idioma [NR] Texto en ingles
650 #7 - ASIENTO SECUNDARIO DE MATERIA - TERMINO TEMATICO [R]
9 (RLIN) 174
Término temático o nombre geográfico como elemento de entrada [NR] Economía
650 #0 - ASIENTO SECUNDARIO DE MATERIA - TERMINO TEMATICO [R]
9 (RLIN) 29161
Término temático o nombre geográfico como elemento de entrada [NR] Ciencias sociales
Subdivisión general [R] Métodos estadísticos
650 #7 - ASIENTO SECUNDARIO DE MATERIA - TERMINO TEMATICO [R]
9 (RLIN) 13743
Término temático o nombre geográfico como elemento de entrada [NR] Ecuaciones simultaneas
690 #0 - ASUNTO AGREGADO LOCAL DE ENTRADA - TÉRMINO TEMÁTICO (OCLC, RLIN)
Acceso temático local Econometría
9 (RLIN) 13653
942 ## - ELEMENTOS DE ENTRADA AGREGADOS (KOHA)
Tipo de ítem principal el descrito en 300a Libro
Sistema de clasificación DEWEY
Tema principal Economía
Edición 1
Clasificación 330.028
Parte restante de la signatura top. A499ad
Existencias
Fecha de último préstamo Total préstamos Total Renewals Signatura topográfica Código de barras Última vez visto Ejemplar Costo de reposición Price effective from Tipo de ítem Perdido Sistema de clasificación Dañado No prestable Tipo de ítem específico Suprimido Ubicación habitual Ubicación actual Localización Fecha de creación Proveedor Forma de adquisición Costo
30/01/2018 2 2 330.028 A499ad 100148946 03/12/2025 Ej.2 301290.00 14/03/2016 Libro   DEWEY     Libro   Claustro Claustro Mezanine 14/03/2016 15 Compra 301290.00
07/02/2018 2   330.028 A499ad 100148945 03/12/2025 Ej.1 301290.00 14/03/2016 Libro   DEWEY     Libro   Claustro Claustro Mezanine 14/03/2016 15 Compra 301290.00